00464nam a2200169Ia 450000500170000000800410001704000190005804100120007708200190008924500390010826000280014730000120017544000220018750400490020970000260025885000100028420230417102456.0131103s9999 xx 000 0 und d aLoreto College aEnglish a823.5bSWI-JEF aSwiftcedited by A.Norman Jeffares aLondonbMacmillanc1968 a279 p.  aModern Judgements aIncludes biblographical references and index aJeffares,A.Norman,ed. aLCLIB